Statistiques concernant Pokemon Paradoxe

Cliquez ici pour prendre le quiz!

Statistiques générales

  • Ce quiz a été pris 25 fois
  • Le résultat moyen est 15 sur 18

Statistiques - réponses

Réponse% Correct
Garde-de-Fer
95%
Mite-de-Fer
95%
Roue-de-Fer
95%
Epine-de-Fer
89%
Pelage-Sablé
89%
Rugit-Lune
89%
Fort-Ivoire
84%
Hurle-Queue
84%
Têtes-de-Fer
84%
Fongus-Furie
79%
Paume-de-Fer
79%
Rampe-Ailes
79%
Hotte-de-Fer
74%
Koraidon
74%
Miraidon
74%
Flotte-Mèche
68%
Serpente-Eau
68%
Vert-de-Fer
68%

Distribution des résultats

Percentile par nombre de réponses

% des personnes avec chaque résultat

Votre développement - résultats

Vous n’avez pas pris ce quiz